Trivium Discography - Statistics

General Stats
  • This quiz has been taken 145 times
    118 since last reset
  • The average score is 57 of 142
Answer Stats
Album Song % Correct
Ascendancy Ascendancy
87%
Shogun Shogun
85%
In Waves In Waves
80%
Ember to Inferno Ember to Inferno
78%
The Sin and the Sentence The Sin and the Sentence
77%
Silence in the Snow Silence in the Snow
73%
In the Court of the Dragon In the Court of the Dragon
72%
The Crusade The Crusade
72%
What the Dead Men Say What the Dead Men Say
70%
Ascendancy Pull Harder on the Strings of Your Martyr
68%
Vengeance Falls Strife
68%
Ascendancy Dying in Your Arms
67%
Shogun Kirisute Gomen
67%
Ascendancy Rain
65%
The Crusade * Vengeance
65%
Ascendancy A Gunshot to the Head of Trepidation
62%
Shogun Down From the Sky
62%
Ascendancy Like Light to the Flies
60%
Ember to Inferno | The Sin and the Sentence * Pillars of Serpents
60%
Silence in the Snow Until the World Goes Cold
60%
Vengeance Falls Vengeance Falls
60%
Shogun Into the Mouth of Hell We March
58%
The Sin and the Sentence The Heart From Your Hate
58%
Shogun Throes of Perdition
58%
In Waves Black
57%
The Sin and the Sentence Beyond Oblivion
53%
What the Dead Men Say IX
53%
Ascendancy * Master of Puppets
53%
In the Court of the Dragon The Phalanx
53%
Shogun Torn Between Scylla and Charybdis
53%
What the Dead Men Say Catastrophist
52%
Ascendancy Departure
50%
Shogun * Iron Maiden
50%
In the Court of the Dragon X
50%
The Crusade Anthem (We Are the Fire)
48%
Ascendancy Declaration
48%
The Sin and the Sentence Endless Night
48%
The Crusade Ignition
48%
In the Court of the Dragon Like a Sword Over Damocles
48%
Shogun Like Callisto to a Star in Heaven
48%
Ascendancy Suffocating Sight
48%
The Sin and the Sentence Betrayer
47%
In Waves Built to Fall
45%
In the Court of the Dragon Feast of Fire
45%
Shogun The Calamity
45%
Ascendancy | Ember to Inferno * The Deceived
45%
Ascendancy The End of Everything
45%
The Crusade To the Rats
45%
The Sin and the Sentence Beauty in the Sorrow
43%
The Crusade Becoming the Dragon
43%
Ember to Inferno Requiem
43%
Vengeance Falls Brave This Storm
42%
Ascendancy Drowned and Torn Asunder
42%
Shogun He Who Spawned the Furies
42%
In Waves Inception of the End
42%
Shogun Of Prometheus and the Crucifix
42%
The Sin and the Sentence Sever the Hand
42%
In the Court of the Dragon A Crisis of Revelation
40%
Silence in the Snow Blind Leading the Blind
40%
The Sin and the Sentence Other Worlds
40%
In Waves Watch the World Burn
40%
In Waves Caustic Are the Ties That Bind
38%
The Crusade Detonation
38%
In Waves Dusk Dismantled
38%
Ember to Inferno Falling to Grey
38%
In the Court of the Dragon Fall Into Your Hands
38%
Shogun Insurrection
38%
Silence in the Snow Snøfall
38%
What the Dead Men Say The Defiant
38%
In Waves Capsizing the Sea
37%
The Crusade Entrance of the Conflagration
37%
Single I Don't Wanna Be Me
37%
In the Court of the Dragon No Way Back Just Through
37%
What the Dead Men Say The Ones We Leave Behind
37%
The Sin and the Sentence The Wretchedness Inside
37%
In Waves A Skyline's Severance
35%
Silence in the Snow Dead and Gone
35%
Single Drowning in the Sound
35%
In Waves Forsake Not the Dream
35%
Ember to Inferno Fugue (A Revelation)
35%
Vengeance Falls Through Blood and Dirt and Bone
35%
What the Dead Men Say Amongst the Shadows and the Stones
33%
What the Dead Men Say Bleed Into Me
33%
In Waves Chaos Reigns
33%
In Waves Of All These Yesterdays
33%
The Sin and the Sentence The Revanchist
33%
The Sin and the Sentence Thrown Into the Fire
33%
Ascendancy * Washing Away Me in the Tides
33%
Ember to Inferno When All Light Dies
33%
Ember to Inferno Ashes
32%
Ember to Inferno If I Could Collapse the Masses
32%
Ember to Inferno My Hatred
32%
Silence in the Snow Pull Me From the Void
32%
What the Dead Men Say Scattering the Ashes
32%
In the Court of the Dragon The Shadow of the Abbatoir
32%
The Crusade Tread the Floods
32%
The Crusade And Sadness Will Sear
30%
Ascendancy * | Ember to Inferno * Blinding Tears Will Break the Skies
30%
The Crusade * Broken One
30%
In the Court of the Dragon From Dawn to Decadence
30%
Vengeance Falls No Way to Heal
30%
Vengeance Falls * Skulls... We Are 138
30%
The Crusade This World Can't Tear Us Apart
30%
Ember to Inferno To Burn the Eye
30%
Shogun * Poison, the Knife, or the Noose
28%
Silence in the Snow Rise Above the Tides
28%
What the Dead Men Say Sickness Unto You
28%
Silence in the Snow The Ghost That's Haunting You
28%
Vengeance Falls Wake (The End Is Nigh)
28%
In Waves * A Grey So Dark
27%
What the Dead Men Say Bending the Arc to Fear
27%
Ember to Inferno Inception: the Bleeding Skies
27%
In Waves Leaving This World Behind
27%
In Waves * Shattering the Skies Above
27%
Vengeance Falls At the End of This War
25%
Ember to Inferno A View of Burning Empires
25%
Shogun * Upon the Shores
25%
Vengeance Falls Villainy Thrives
25%
Silence in the Snow Breathe in the Flames
23%
Single Kill the Poor
23%
The Crusade Unrepentant
23%
Silence in the Snow Beneath the Sun
20%
In Waves * Ensnare the Sun
20%
Vengeance Falls Incineration: The Broken World
20%
Vengeance Falls * Losing My Religion
20%
Vengeance Falls * As I Am Exploding
18%
Silence in the Snow * Cease All Your Fire
18%
In Waves * Drowning in Slow Motion
18%
Silence in the Snow * The Darkness of My Mind
18%
Ember to Inferno * The Storm
18%
Vengeance Falls To Believe
18%
The Crusade Contempt Breeds Contamination
17%
In Waves * Slave New World
17%
The Crusade The Rising
17%
Silence in the Snow The Thing That's Killing Me
17%
Ember to Inferno * Demon
15%
Vengeance Falls * No Hope For the Human Race
15%
Ember to Inferno * Sworn
8%
Ascendancy * I'll Go Until My Heart Stops
0%
No matching quizzes found
Score Distribution
Percent of People with Each Score
Percentile by Number Answered
Your Score History
You have not taken this quiz since the last reset